El contenedor : módulo de alojamiento en la Sede del Catie, Turrialba, Costa Rica
Uloženo v:
| Hlavní autor: | |
|---|---|
| Další autoři: | |
| Médium: | Neznámo |
| Jazyk: | Spanish |
| Vydáno: |
[San José,Costa Rica]
2015
|
| Témata: |
CENTRO AGRONOMICO TROPICAL DE INVESTIGACION Y ENSEÑANZA
> DISEÑO ARQUITECTONICO - TURRIALBA (CARTAGO, COSTA RICA)
> CONTENEDORES
> ARQUITECTURA SOSTENIBLE - DISEÑOS Y PLANOS - TURRIALBA (COSTA RICA)
> CONSTRUCCIONES PREFABRICADAS - DISEÑO - TURRIALBA (COSTA RICA)
> CONSTRUCCIONES METALICAS - ARQUITECTURA - DISEÑOS Y PLANOS - TURRIALBA (CARTAGO, COSTA RICA)
|
| Tagy: |
Přidat tag
Žádné tagy, Buďte první, kdo vytvoří štítek k tomuto záznamu!
|
MARC
| LEADER | 00000 a2200000 4500 | ||
|---|---|---|---|
| 003 | EA0114 | ||
| 005 | 20230223080918.0 | ||
| 008 | 140114s2015 cr a 000 ||spa d | ||
| 040 | |c cru CEDI | ||
| 090 | |a TFG EA-114 | ||
| 100 | |a Fallas Acuña, Maureen Sofía |9 20183 | ||
| 245 | |a El contenedor : módulo de alojamiento en la Sede del Catie, Turrialba, Costa Rica | ||
| 260 | |a [San José,Costa Rica] |c 2015 | ||
| 500 | |a Proyecto de graduación (licenciatura en arquitectura)--Universidad de Costa Rica. Facultad de Ingeniería. Escuela de Arquitectura | ||
| 501 | |a Directora de Proyecto de Graduación: Magíster María Eugenia Solís Umaña | ||
| 650 | |x CENTRO AGRONOMICO TROPICAL DE INVESTIGACION Y ENSEÑANZA |x DISEÑO ARQUITECTONICO - TURRIALBA (CARTAGO, COSTA RICA) |x CONTENEDORES |x ARQUITECTURA SOSTENIBLE - DISEÑOS Y PLANOS - TURRIALBA (COSTA RICA) |x CONSTRUCCIONES PREFABRICADAS - DISEÑO - TURRIALBA (COSTA RICA) |x CONSTRUCCIONES METALICAS - ARQUITECTURA - DISEÑOS Y PLANOS - TURRIALBA (CARTAGO, COSTA RICA) |9 20184 | ||
| 700 | |9 81 |a Solís Umaña, Eugenia, 1953- |d Directora del TFG | ||
| 942 | |c CEDI | ||
| 999 | |c 12828 |d 12828 | ||
